Valtiot, joilla on sama nimi suomeksi ja italiaksi - Statistics

Yleistilastot
  • Tätä visaa on pelattu 19 kertaa
  • Keskiarvotulos 55 / 92
Vastaustilastot
Maanosa Valtio % Oikein
Aasia Iran
88%
Eurooppa Italia
88%
Eurooppa Andorra
81%
Oseania Australia
81%
Pohjois-Amerikka Belize
81%
Pohjois-Amerikka Honduras
81%
Etelä-Amerikka Venezuela
81%
Afrikka Algeria
75%
Etelä-Amerikka Bolivia
75%
Etelä-Amerikka Ecuador
75%
Eurooppa Liechtenstein
75%
Eurooppa Malta
75%
Eurooppa Monaco
75%
Pohjois-Amerikka Nicaragua
75%
Aasia Oman
75%
Etelä-Amerikka Paraguay
75%
Etelä-Amerikka Suriname
75%
Etelä-Amerikka Uruguay
75%
Afrikka Angola
69%
Pohjois-Amerikka Costa Rica
69%
Pohjois-Amerikka Guatemala
69%
Etelä-Amerikka Guyana
69%
Pohjois-Amerikka Haiti
69%
Eurooppa Kosovo
69%
Aasia Mongolia
69%
Oseania Nauru
69%
Afrikka Niger
69%
Afrikka Nigeria
69%
Pohjois-Amerikka Panama
69%
Oseania Samoa
69%
Eurooppa Serbia
69%
Oseania Tuvalu
69%
Afrikka Uganda
69%
Eurooppa Albania
63%
Aasia Armenia
63%
Aasia Bhutan
63%
Pohjois-Amerikka El Salvador
63%
Afrikka Ghana
63%
Aasia Indonesia
63%
Afrikka Lesotho
63%
Afrikka Mali
63%
Afrikka Namibia
63%
Aasia Pakistan
63%
Etelä-Amerikka Peru
63%
Aasia Qatar
63%
Oseania Tonga
63%
Oseania Vanuatu
63%
Pohjois-Amerikka Barbados
56%
Eurooppa Bulgaria
56%
Afrikka Gambia
56%
Oseania Kiribati
56%
Aasia Kuwait
56%
Afrikka Malawi
56%
Afrikka Mauritania
56%
Aasia Nepal
56%
Eurooppa San Marino
56%
Afrikka Senegal
56%
Eurooppa Slovenia
56%
Afrikka Somalia
56%
Afrikka Togo
56%
Afrikka Zimbabwe
56%
Aasia Bangladesh
50%
Afrikka Benin
50%
Aasia Brunei
50%
Pohjois-Amerikka Dominica
50%
Afrikka Gabon
50%
Aasia Georgia
50%
Aasia Laos
50%
Afrikka Mauritius
50%
Eurooppa Montenegro
50%
Oseania Palau
50%
Eurooppa Romania
50%
Afrikka Ruanda
50%
Afrikka Sierra Leone
50%
Afrikka Sudan
50%
Aasia Vietnam
50%
Aasia Bahrain
44%
Afrikka Botswana
44%
Afrikka Burundi
44%
Afrikka Eritrea
44%
Pohjois-Amerikka Grenada
44%
Afrikka Guinea
44%
Afrikka Guinea-Bissau
44%
Afrikka Liberia
44%
Aasia Singapore
44%
Afrikka Tunisia
44%
Afrikka Etiopia
38%
Aasia Taiwan
38%
Aasia Uzbekistan
38%
Afrikka Burkina Faso
31%
Aasia Sri Lanka
31%
Aasia Turkmenistan
31%
Ehtoja vastaavia visoja ei löytynyt
Tulosjakauma
Jokaisen tuloksen saaneiden osuus
Persentiili vastausten määrän mukaan
Tuloshistoriasi
Et ole pelannut tätä visaa